[Event "Erlenbach 2006"]
[Site "Klingenberg"]
[Date "2006.04.23"]
[Round "6.2"]
[White "Roma 68000, Mephisto"]
[Black "Excel 68000 Mach III Master, Fidelity"]
[Result "0-1"]
[WhiteElo "1956"]
[BlackElo "2021"]
[PlyCount "166"]
[EventDate "2006.04.22"]
[EventType "swiss"]
[EventRounds "6"]
[EventCountry "GER"]

1. Nf3 d5 2. d4 Nf6 3. c4 c6 4. cxd5 cxd5 5. Nc3 Nc6 6. Bf4 Bf5 7. e3 e6 8. Bd3
Bxd3 9. Qxd3 Be7 10. O-O O-O 11. Bg5 Nd7 12. Bxe7 Qxe7 13. Rac1 Nb6 14. e4 Nb4
15. Qe2 dxe4 16. Qxe4 Rac8 17. Rfe1 Rfd8 18. a3 Nc6 19. Rcd1 Qf6 20. Ne5 Qg5
21. Nb5 a6 22. Nc3 Rc7 23. h4 Qh6 24. g3 f5 25. Qd3 Rxd4 26. Qe2 Qf6 27. Rxd4
Nxd4 28. Qd3 Nc6 29. Qd6 Qe7 30. Qd3 Nxe5 31. Rxe5 Nd7 32. Re1 Qf7 33. Kg2 Nf8
34. Qd4 Rd7 35. Qe3 Qf6 36. f4 Rd6 37. a4 Qd8 38. Re2 Rd3 39. Qc5 b6 40. Qc6 a5
41. Nb5 Rd2 42. Kf2 Kh8 43. Qc3 Rxe2+ 44. Kxe2 Kg8 45. Nc7 Qd7 46. b3 g6 47.
Kf2 Qd1 48. Qc4 Qd2+ 49. Qe2 Qd7 50. Qc4 h6 51. Ke2 Qd6 52. Ke1 Kf7 53. Nb5 Qd5
54. Qc7+ Kg8 55. Nd6 e5 56. Qxb6 exf4 57. gxf4 Qh1+ 58. Kd2 Qxh4 59. Qe3 Qh2+
60. Kc3 Qh1 61. Nc4 Qc6 62. Kb2 Qg2+ 63. Kc1 Qd5 64. Kb2 h5 65. Ka2 h4 66. Qh3
Qd8 67. Qc3 Ne6 68. Qe3 Kf7 69. Ne5+ Kg7 70. Nxg6 h3 71. Ne5 Qd1 72. Nd3 Qc2+
73. Ka3 Qc3 74. Qe5+ Qxe5 75. fxe5 h2 76. Nf2 Nc5 77. Nh1 Nd3 78. b4 Nxb4 79.
Kb3 Nd3 80. Kc4 Nxe5+ 81. Kb5 f4 82. Kb6 f3 83. Kb5 Ng4 0-1

[Event "Erlenbach 2006"]
[Site "Klingenberg"]
[Date "2006.04.23"]
[Round "6.3"]
[White "Corona D+ 8 Mhz, Saitek"]
[Black "Super Expert C 6 Mhz, Novag"]
[Result "1-0"]
[WhiteElo "2063"]
[BlackElo "2019"]
[PlyCount "55"]
[EventDate "2006.04.22"]
[EventType "swiss"]
[EventRounds "6"]
[EventCountry "GER"]

1. Nf3 c6 2. d4 d5 3. c4 Nf6 4. Nc3 dxc4 5. e4 b5 6. e5 Nd5 7. Ng5 h6 8. Nge4
Bf5 9. g4 Bg6 10. Bg2 e6 11. a4 Bxe4 12. Bxe4 Bb4 13. Bd2 Nb6 14. axb5 Qxd4 15.
Qe2 Nd5 16. O-O Qxe5 17. Qxc4 Bxc3 18. Bxc3 Qg5 19. Bg2 cxb5 20. Qxb5+ Nd7 21.
Rae1 O-O-O 22. Bd2 Qxd2 23. Rc1+ Qxc1 24. Rxc1+ Nc5 25. Rxc5+ Nc7 26. Rxc7+
Kxc7 27. Qc6+ Kb8 28. Qb7# 1-0

[Event "Erlenbach 2006"]
[Site "Klingenberg"]
[Date "2006.04.23"]
[Round "6.4"]
[White "Designer 2265 Master, Fidelity"]
[Black "President, Saitek"]
[Result "1/2-1/2"]
[WhiteElo "2021"]
[BlackElo "1997"]
[PlyCount "137"]
[EventDate "2006.04.22"]
[EventType "swiss"]
[EventRounds "6"]
[EventCountry "GER"]

1. d4 d5 2. c4 e6 3. Nc3 Nf6 4. Bg5 Nbd7 5. e3 c6 6. Nf3 Qa5 7. cxd5 Nxd5 8.
Qd2 Bb4 9. Rc1 f6 10. Bh4 O-O 11. Bd3 b6 12. O-O Nxc3 13. bxc3 Bd6 14. Qc2 Qh5
15. Bc4 Qf7 16. Qe4 Nb8 17. Bg3 Bxg3 18. fxg3 Qe7 19. Nh4 Qd7 20. Rb1 Re8 21.
a4 Ba6 22. Bxa6 Nxa6 23. Qd3 Nc7 24. e4 e5 25. Nf3 Ne6 26. Qc4 exd4 27. cxd4
Rad8 28. Rfd1 Qd6 29. Rbc1 c5 30. Kh1 cxd4 31. Rxd4 Qe7 32. Rd5 Kh8 33. Rc2 Nc5
34. Rxd8 Qxd8 35. Rd2 Qe7 36. Rd5 Nxe4 37. Qc2 g6 38. Rd4 Kg7 39. Qc6 Nc5 40.
h3 h6 41. Rd1 Qe4 42. Qb5 Qxa4 43. Qxa4 Nxa4 44. Rd7+ Kg8 45. Rxa7 Nc3 46. Nh4
Re1+ 47. Kh2 g5 48. Nf5 h5 49. Nh6+ Kf8 50. Rf7+ Ke8 51. Rxf6 Rb1 52. Nf5 Kd7
53. Ng7 Ne4 54. Rf7+ Kd6 55. Nxh5 b5 56. h4 b4 57. Rf3 Ke5 58. Ng7 gxh4 59.
gxh4 b3 60. Rf5+ Kd4 61. Rb5 b2 62. h5 Nf6 63. Rb6 Kc5 64. Rb3 Kc4 65. Rb8 Kc3
66. Rc8+ Kb4 67. Rb8+ Kc3 68. Rc8+ Kb4 69. Rb8+ 1/2-1/2

[Event "Erlenbach 2006"]
[Site "Klingenberg"]
[Date "2006.04.23"]
[Round "6.5"]
[White "Miami, Mephisto"]
[Black "Dominator 11 MHz, Saitek"]
[Result "1-0"]
[WhiteElo "1966"]
[BlackElo "1932"]
[PlyCount "118"]
[EventDate "2006.04.22"]
[EventType "swiss"]
[EventRounds "6"]
[EventCountry "GER"]

1. d4 d5 2. c4 e5 3. dxe5 d4 4. e3 Bb4+ 5. Bd2 dxe3 6. Qa4+ {
erster errecheter Zug vom Domi} Bd7 7. Qxb4 Nc6 8. Qc3 exd2+ 9. Nxd2 Nge7 10.
Ngf3 O-O 11. Ne4 Ng6 12. Nc5 Bg4 13. Nxb7 Qe7 14. Bd3 Bxf3 15. gxf3 f5 16.
O-O-O Ncxe5 17. Rhe1 Qg5+ 18. Re3 Qh6 19. Nc5 Qxh2 20. Bc2 Rf6 21. Rd5 Qxf2 22.
Rdxe5 Nxe5 23. Rxe5 Rd8 24. b4 Qd4 25. Re8+ Kf7 26. Qxd4 Rxd4 27. Ra8 a6 28.
Bb3 Rh6 29. Nxa6 c6 30. b5 cxb5 31. cxb5+ Kg6 32. b6 Rh1+ 33. Kc2 Rh2+ 34. Kc3
Rd6 35. b7 Rb6 36. b8=Q Rxb8 37. Nxb8 Kg5 38. Ra7 Kf4 39. Rxg7 Kxf3 40. Nc6 f4
41. Bd5+ Ke3 42. Nb4 Rh3 43. Re7+ Kf2+ 44. Nd3+ Kg3 45. Rg7+ Kh2 46. Kd4 f3 47.
Ne5 Rg3 48. Nxf3+ Kg2 49. Nd2+ Kh3 50. Rxh7+ Kg4 51. Ne4 Ra3 52. Rf7 Kh3 53.
Rg7 Ra6 54. Ke3 Ra3+ 55. Kf2 Ra6 56. Be6+ Rxe6 57. Ng5+ Kg4 58. Nxe6+ Kf5 59.
Nd4+ Ke4 1-0

[Event "Erlenbach 2006"]
[Site "Klingenberg"]
[Date "2006.04.23"]
[Round "6.6"]
[White "Scorpio 68000, Novag"]
[Black "Genesis, Millennium"]
[Result "1-0"]
[WhiteElo "2073"]
[BlackElo "1960"]
[PlyCount "105"]
[EventDate "2006.04.22"]
[EventType "swiss"]
[EventRounds "6"]
[EventCountry "GER"]

1. d4 Nc6 2. Nf3 Nf6 3. d5 Nb4 4. c4 c6 5. a3 Na6 6. Nc3 cxd5 7. cxd5 Nc5 8. e3
Nce4 9. Nxe4 Nxe4 10. Be2 Qa5+ 11. b4 Qc7 12. Bb2 Nc3 13. Qd3 Nxe2 14. Qxe2 Qd6
15. e4 a5 16. bxa5 Rxa5 17. Ne5 Qa6 18. Qf3 Qf6 19. Rc1 Ra8 20. Qc3 e6 21.
Qxc8+ Qd8 22. Qxd8+ Rxd8 23. dxe6 fxe6 24. Rc7 b6 25. Ke2 Bd6 26. Rb7 O-O 27.
f3 Rc8 28. Rxd7 Rc2+ 29. Kd3 Rxg2 30. Rxd6 Rxb2 31. Kc3 Ra2 32. Kb3 Rg2 33.
Rxe6 b5 34. Re7 Re2 35. Kb4 Ra8 36. Kxb5 Rc8 37. h4 Rb2+ 38. Ka6 Ra8+ 39. Ra7
Rxa7+ 40. Kxa7 Ra2 41. Rd1 Rxa3+ 42. Kb6 Rb3+ 43. Kc5 h6 44. Rd7 Rb2 45. f4
Rc2+ 46. Kd5 Rd2+ 47. Ke6 Re2 48. Kf5 Kh7 49. Ng6 Rg2 50. Rd6 h5 51. e5 Rg4 52.
Rc6 Rg3 53. Nf8+ 1-0

[Event "Erlenbach 2006"]
[Site "Klingenberg"]
[Date "2006.04.23"]
[Round "6.7"]
[White "Leonardo Maestro D++ 6MHz, Saitek"]
[Black "MM IV, Mephisto"]
[Result "1-0"]
[WhiteElo "1976"]
[BlackElo "1920"]
[PlyCount "103"]
[EventDate "2006.04.22"]
[EventType "swiss"]
[EventRounds "6"]
[EventCountry "GER"]

1. d4 Nf6 2. Nf3 e6 3. g3 d5 4. Bg2 c6 5. O-O Bd6 6. c4 dxc4 7. Nbd2 b5 8. a4
Bb7 9. e4 Bb4 10. axb5 cxb5 11. e5 Nfd7 12. Qc2 Nc6 13. b3 cxb3 14. Nxb3 a5 15.
Bg5 Be7 16. Bxe7 Nxe7 17. Rfb1 Bd5 18. Nc5 b4 19. Qa4 Bc6 20. Qc2 Nxc5 21. dxc5
Qc7 22. Rd1 Rb8 23. Qd3 a4 24. Qd6 Rb7 25. Nd4 Bxg2 26. Kxg2 a3 27. c6 Ra7 28.
Qxb4 Qxe5 29. Rxa3 Qd5+ 30. Nf3 Qxd1 31. Rxa7 Nxc6 32. Qb5 O-O 33. Qxc6 h6 34.
Ra8 Qd5 35. Qxd5 exd5 36. Ra7 Rc8 37. Rd7 Rc5 38. Ne5 Kh7 39. Nxf7 Kg8 40. Ne5
g5 41. Ng4 Rc6 42. Rxd5 Re6 43. Rd7 h5 44. Ne3 Rf6 45. h3 Rf7 46. Rd5 Rg7 47.
Nf5 Rh7 48. Nd4 g4 49. Rg5+ Kf7 50. hxg4 hxg4 51. Rxg4 Rh8 52. Rh4 1-0

[Event "Erlenbach 2006"]
[Site "Klingenberg"]
[Date "2006.04.23"]
[Round "6.8"]
[White "Milano, Mephisto"]
[Black "Amsterdam, Mephisto"]
[Result "0-1"]
[WhiteElo "2010"]
[BlackElo "1927"]
[PlyCount "114"]
[EventDate "2006.04.22"]
[EventType "swiss"]
[EventRounds "6"]
[EventCountry "GER"]

1. e4 e5 2. Nf3 Nf6 3. Nxe5 d6 4. Nf3 Nxe4 5. d4 d5 6. Bd3 Be7 7. O-O Nc6 8. c4
Bg4 9. cxd5 Qxd5 10. Nc3 Nxc3 11. bxc3 Bxf3 12. Qxf3 Qxf3 13. gxf3 O-O-O 14.
Re1 h6 15. Rb1 Bg5 16. Bxg5 hxg5 17. Bc4 f6 18. Be6+ Kb8 19. Kg2 b6 20. Rb2
Rde8 21. Rbe2 Nd8 22. d5 g6 23. Re3 Rh7 24. h3 Reh8 25. Rh1 f5 26. Ree1 Nb7 27.
Rb1 Nc5 28. Rbd1 Na4 29. Rc1 Nb2 30. Rcg1 Nd3 31. Kf1 Rh5 32. Rg3 Nf4 33. Bf7
Rf8 34. Be6 Re8 35. Rhg1 Nxe6 36. dxe6 Rxe6 37. Rxg5 Rxh3 38. Rxg6 Rxg6 39.
Rxg6 Rxf3 40. Rc6 Kb7 41. Rc4 b5 42. Rb4 a6 43. Rb3 Kb6 44. Ke2 Rh3 45. Ra3 a5
46. f3 f4 47. Kf2 Rh2+ 48. Kf1 c5 49. c4 bxc4 50. Rc3 Kb5 51. a3 Rd2 52. Rc1
Rd3 53. a4+ Kb4 54. Kg2 c3 55. Rh1 c2 56. Rc1 Kb3 57. Kh3 Rd1 0-1